Química inorgánica

Tallennettuna:
Bibliografiset tiedot
Päätekijät: Housecroft, Catherine E (Tekijä), Sharpe, Alan G (Tekijä)
Aineistotyyppi: Kirja
Kieli:espanja
Julkaistu: Madrid Pearson Educación 2006
Painos:2a. ed
Aiheet:
Tagit: Lisää tagi
Ei tageja, Lisää ensimmäinen tagi!

MARC

LEADER 00000cam a2200000 a 4500
001 UCI3374
003 CL-VaPUC
008 071026e20060000SP |||||||||||||||||spa|d
020 |a 9788420548470 
082 0 4 |a 546  |b HOU  |2 21 
100 |a Housecroft, Catherine E  |e author  |9 575945 
700 0 |a Sharpe, Alan G  |e author  |9 524734 
245 1 0 |a Química inorgánica 
250 |a 2a. ed 
300 |a 953 p 
942 |c BK 
945 |d 20071026 00:00:00  |a jtorresc 
260 |a Madrid  |b Pearson Educación  |c 2006 
650 0 |a Química inorgánica  |9 260154 
650 0 |a Núcleos atómicos  |9 357366 
650 0 |a Reacciones químicas  |9 259438 
650 0 |a Teorías científicas  |9 316549 
650 0 |a Moléculas   |9 259584 
650 7 |a TEORIA ATOMICA  |2 CL-VaPUC  |9 313933 
650 7 |a HALOGENOS  |2 CL-VaPUC  |9 360916 
650 0 |a Átomos  |9 259583 
650 0 |a Composición de la materia  |9 266564 
583 |a last modification  |c 20180517 09:45:27  |k Rodrigo Vera 
999 |c 327610  |d 327608 
952 |0 0  |1 0  |4 0  |6 546_000000000000000_HOU_2006  |7 0  |8 A  |9 410632  |a BIBCUR  |b BIBCUR  |d 2019-11-22  |i 4383133  |l 1  |o 546 HOU 2006  |p 4383133  |r 2025-04-22  |s 2022-10-19  |w 2019-11-22  |y BK  |k QUI 
952 |0 0  |1 0  |4 0  |6 546_000000000000000_HOU_2006  |7 0  |8 A  |9 410633  |a BIBCUR  |b BIBCUR  |d 2019-11-22  |i 4383141  |o 546 HOU 2006  |p 4383141  |r 2025-04-22  |w 2019-11-22  |y BK  |k QUI 
952 |0 0  |1 0  |4 0  |6 546_000000000000000_HOU_2006  |7 0  |8 A  |9 410634  |a BIBCUR  |b BIBCUR  |d 2019-11-22  |i 438315K  |l 1  |o 546 HOU 2006  |p 438315K  |r 2025-04-22  |s 2023-10-23  |w 2019-11-22  |y BK  |k QUI 
952 |0 0  |1 0  |4 0  |6 546_000000000000000_HOU_2006  |7 0  |8 A  |9 410636  |a BIBCUR  |b BIBCUR  |d 2019-11-22  |i 4383176  |l 1  |o 546 HOU 2006  |p 4383176  |r 2025-04-22  |s 2020-04-20  |w 2019-11-22  |y BK  |k QUI 
952 |0 0  |1 0  |4 0  |6 546_000000000000000_HOU_2006  |7 0  |8 A  |9 410637  |a BIBCUR  |b BIBCUR  |d 2019-11-22  |i 4383184  |o 546 HOU 2006  |p 4383184  |r 2025-04-22  |w 2019-11-22  |y BK  |k QUI 
952 |0 0  |1 0  |4 0  |6 546_000000000000000_HOU_2006  |7 0  |8 A  |9 410638  |a BIBCUR  |b BIBCUR  |d 2019-11-22  |i 4383192  |o 546 HOU 2006  |p 4383192  |r 2025-04-22  |w 2019-11-22  |y BK  |k QUI 
952 |0 0  |1 0  |4 0  |6 546_000000000000000_HOU_2006  |7 0  |8 A  |9 410639  |a BIBCUR  |b BIBCUR  |d 2019-11-22  |i 4383206  |o 546 HOU 2006  |p 4383206  |r 2025-04-22  |w 2019-11-22  |y BK  |k QUI 
952 |0 0  |1 0  |4 0  |6 546_000000000000000_HOU_2006  |7 0  |8 A  |9 410640  |a BIBCUR  |b BIBCUR  |d 2019-11-22  |i 4383214  |l 1  |o 546 HOU 2006  |p 4383214  |r 2025-04-22  |s 2022-10-25  |w 2019-11-22  |y BK  |k QUI 
952 |0 0  |1 0  |4 0  |6 546_000000000000000_HOU_2006  |7 0  |8 A  |9 410641  |a BIBCUR  |b BIBCUR  |d 2019-11-22  |i 4383222  |o 546 HOU 2006  |p 4383222  |r 2025-04-22  |w 2019-11-22  |y BK  |k QUI 
952 |0 0  |1 0  |4 0  |6 546_000000000000000_HOU_2006  |7 0  |8 A  |9 410642  |a BIBCUR  |b BIBCUR  |d 2019-11-22  |i 4383230  |l 3  |o 546 HOU 2006  |p 4383230  |r 2025-04-22  |s 2023-04-04  |w 2019-11-22  |y BK  |k QUI 
952 |0 0  |1 0  |4 0  |6 546_000000000000000_HOU_2006  |7 0  |8 A  |9 410643  |a BIBCUR  |b BIBCUR  |d 2019-11-22  |i 4383257  |l 5  |m 1  |o 546 HOU 2006  |p 4383257  |r 2025-04-22  |s 2022-08-25  |w 2019-11-22  |y BK  |k QUI 
952 |0 0  |1 0  |4 0  |6 546_000000000000000_HOU_2006  |7 0  |8 A  |9 410644  |a BIBCUR  |b BIBCUR  |d 2019-11-22  |i 4383265  |l 1  |o 546 HOU 2006  |p 4383265  |r 2025-04-22  |s 2023-10-25  |w 2019-11-22  |y BK  |k QUI 
952 |0 0  |1 0  |4 0  |6 546_000000000000000_HOU_2006  |7 0  |8 A  |9 410645  |a BIBCUR  |b BIBCUR  |d 2019-11-22  |i 4383273  |o 546 HOU 2006  |p 4383273  |r 2025-04-22  |w 2019-11-22  |y BK  |k QUI 
952 |0 0  |1 0  |4 0  |6 546_000000000000000_HOU_2006  |7 0  |8 A  |9 410646  |a BIBCUR  |b BIBCUR  |d 2019-11-22  |i 438329K  |l 1  |o 546 HOU 2006  |p 438329K  |r 2025-04-22  |s 2022-05-24  |w 2019-11-22  |y BK  |k QUI 
952 |0 0  |1 0  |4 0  |6 546_000000000000000_HOU_2006  |7 0  |8 A  |9 410647  |a BIBCUR  |b BIBCUR  |d 2019-11-22  |i 4383303  |l 2  |o 546 HOU 2006  |p 4383303  |r 2025-04-22  |s 2024-10-04  |w 2019-11-22  |y BK  |k QUI 
952 |0 0  |1 0  |4 0  |6 546_000000000000000_HOU_2006  |7 0  |8 A  |9 410648  |a BIBCUR  |b BIBCUR  |d 2019-11-22  |i 4383311  |l 1  |o 546 HOU 2006  |p 4383311  |r 2025-04-22  |s 2024-08-27  |w 2019-11-22  |y BK  |k QUI 
952 |0 0  |1 0  |4 0  |6 546_000000000000000_HOU_2006  |7 0  |8 A  |9 410649  |a BIBCUR  |b BIBCUR  |d 2019-11-22  |i 438332K  |l 2  |o 546 HOU 2006  |p 438332K  |r 2025-04-22  |s 2022-10-13  |w 2019-11-22  |y BK  |k QUI 
952 |0 0  |1 0  |3 erb  |4 0  |6 546_000000000000000_HOU_2006  |7 0  |8 A  |9 410650  |a BIBCUR  |b BIBCUR  |i 5285895  |l 10  |m 5  |o 546 HOU 2006  |p 5285895  |r 2025-04-22  |s 2024-11-15  |w 2019-11-22  |y BK  |z Catalogado en:20160505  |k QUI 
952 |0 0  |1 0  |3 erb  |4 0  |6 546_000000000000000_HOU_2006  |7 0  |8 A  |9 410651  |a BIBCUR  |b BIBCUR  |i 5290546  |l 9  |m 5  |o 546 HOU 2006  |p 5290546  |r 2025-04-22  |s 2024-09-25  |w 2019-11-22  |y BK  |z Catalogado en:20160603  |k QUI 
952 |0 0  |1 0  |3 erb  |4 0  |6 546_000000000000000_HOU_2006  |7 0  |8 A  |9 410653  |a BIBCUR  |b BIBCUR  |i 529052K  |l 13  |m 2  |o 546 HOU 2006  |p 529052K  |r 2025-04-22  |s 2024-08-26  |w 2019-11-22  |y BK  |z Catalogado en:20160603  |k QUI 
952 |0 0  |1 0  |3 erb  |4 0  |6 546_000000000000000_HOU_2006  |7 0  |8 A  |9 410654  |a BIBING  |b BIBING  |i 5440475  |l 1  |o 546 HOU 2006  |p 5440475  |r 2025-01-20  |s 2023-10-23  |w 2019-11-22  |y BK  |z Catalogado en:20171201  |k EIQ 
952 |0 0  |1 0  |3 erb  |4 0  |6 546_000000000000000_HOU_2006  |7 0  |8 A  |9 410655  |a BIBING  |b BIBING  |i 5440483  |l 3  |m 2  |o 546 HOU 2006  |p 5440483  |r 2025-01-20  |s 2024-05-22  |w 2019-11-22  |y BK  |z Catalogado en:20171201  |k EIQ 
952 |0 0  |1 0  |3 erb  |4 0  |6 546_000000000000000_HOU_2006  |7 0  |8 A  |9 410656  |a BIBING  |b BIBING  |i 5440491  |l 3  |o 546 HOU 2006  |p 5440491  |r 2025-01-20  |s 2024-05-22  |w 2019-11-22  |y BK  |z Catalogado en:20171201  |k EIQ 
952 |0 0  |1 0  |3 erb  |4 0  |6 546_000000000000000_HOU_2006  |7 0  |8 A  |9 410657  |a BIBING  |b BIBING  |i 5440505  |l 5  |m 1  |o 546 HOU 2006  |p 5440505  |r 2025-04-24  |s 2025-04-16  |w 2019-11-22  |y BK  |z Catalogado en:20171201  |k EIQ